Мой журнал для немногих. [Т. 1-2], вып. 3 (Запись № 12924491)

Подробности
000 -МАРКЕР
контрольное поле 01945nam2a2200265 4500
001 - ИДЕНТИФИКАТОР ЗАПИСИ
контрольное поле RU\NLR\BIBL_A\022161891
005 - ИДЕНТИФИКАТОР ВЕРСИИ
контрольное поле 20250625143504.0
035 ## - ДРУГИЕ СИСТЕМНЫЕ НОМЕРА
Идентификатор записи (NLR Aleph) 022161891
100 ## - ДАННЫЕ ОБЩЕЙ ОБРАБОТКИ
Данные общей обработки 20081218d1914 |||y0rusy50 ca
101 0# - ЯЗЫК РЕСУРСА
Язык текста, звукозаписи и т.д. русский
102 ## - СТРАНА ПУБЛИКАЦИИ ИЛИ ПРОИЗВОДСТВА
Страна публикации Российская Федерация
105 ## - ПОЛЕ КОДИРОВАННЫХ ДАННЫХ: ТЕКСТОВЫЕ МАТЕРИАЛЫ, МОНОГРАФИЧЕСКИЕ
Кодированные данные о монографическом текстовом документе ac z 000yy
200 0# - ЗАГЛАВИЕ И СВЕДЕНИЯ ОБ ОТВЕТСТВЕННОСТИ
Основное заглавие [Т. 1-2], вып. 3
Сведения, относящиеся к заглавию год издания 1
210 ## - ПУБЛИКАЦИЯ, РАСПРОСТРАНЕНИЕ И ДР.
Дата издания, распространения и т.д. [1914]
Место издания, распространения и т.д. Б. м.
215 ## - ФИЗИЧЕСКАЯ ХАРАКТЕРИСТИКА
Специфическое обозначение материала и объем [3] с., с. 51-63, [2] с., [19] л. ил., портр.
Другие сведения о физической характеристике ил.
327 1# - ПРИМЕЧАНИЯ О СОДЕРЖАНИИ
Текст примечания Содерж.: Памятники христианской старины / А. Е. Бурцев. Описание редких и замечательных рукописей и других литературно-художественных памятников: из собрания Александра Евгениевича Бурцева: О счастии в воображении; Чудный характер. Библиографические заметки о редких и замечательных книгах: Предварительное известие о Минине и Пожарском, по случаю сооружаемаго им памятника. Сборник материалов по этнографии Севернаго края: Сказка об утке с золотыми яичками
461 #0 - УРОВЕНЬ НАБОРА
Встроенное поле 001v19\rc\2083776
-- 2001#$aМой журнал для немногих$fА. Е. Бурцев$v[Т. 1-2], вып. 3
-- 700#1$aБурцев$bА. Е.$f1863-1938$gАлександр Евгеньевич$3RU\NLR\AUTH\7767099
Системный номер (АБИС) связанной записи 5091865
Автор Бурцев, А. Е. (1863-1938)
Место публикации [Санкт-Петербург
Дата публикации 1914]
Первые сведения об ответственности А. Е. Бурцев
Заглавие Мой журнал для немногих
Номер тома [Т. 1-2], вып. 3
801 #0 - ИСТОЧНИК ЗАПИСИ
Страна Российская Федерация
Организация NLR
Правила каталогизации psbo
801 #1 - ИСТОЧНИК ЗАПИСИ
Страна Российская Федерация
Организация ProSoft-M
Источник данных rusmarc
852 ## - МЕСТОНАХОЖДЕНИЕ И ШИФР ХРАНЕНИЯ
Идентификатор организации NLR
Шифр хранения (Call Number) 37.8.3.12(3)
852 ## - МЕСТОНАХОЖДЕНИЕ И ШИФР ХРАНЕНИЯ
Идентификатор организации NLR
Шифр хранения (Call Number) 461/Б-91
942 ## - ДОПОЛНИТЕЛЬНЫЕ ЭЛЕМЕНТЫ ЗАПИСИ (АБИС)
Тип экземпляра АБИС Книга
980 ## - КОЛЛЕКЦИЯ
Название коллекции Национальная библиография
Экземпляры
Тип экземпляра Дата поступления Библиотека постоянного хранения Библиотека текущего хранения Место хранения Шифр хранения Штрих-код Статус экземпляра
Книга 23.03.2024 РНБ (Садовая) РНБ (Садовая) Русский книжный фонд -Главное здание, Ленинский читальный зал 37.8.3.12(3) 22161891-10